000 01403nam0a22003731 4500
001 v19\rc\1624575
005 20260406085950.0
035 _a(NLR Aleph) 004741415
090 _a4494768
_c4494768
100 _a20061002d1899 |||y0rusy50 ca
101 0 _arus
102 _aRU
105 _aa z |||||
200 1 _aЛегенды о старинных замках Бретани
_f[Соч.] Е. Балобановой
205 _a2-е изд. с 7 картинами и ил. в тексте Е. Лансере
210 _aСанкт-Петербург
_cтип. И.Н. Скороходова
_d1899
215 _a[2], IV, 123 с., 7 л. ил.
_cил.
_d28
300 _aЗагл. обл.: Легенды о замках Бретани
512 0 _aЛегенды о замках Бретани
700 1 _aБалобанова
_bЕ. В.
_f1847-1927
_gЕкатерина Вячеславовна
702 1 _4440
_8rus
_7ca
_aЛансере
_bЕ. Е.
_gЕвгений Евгеньевич
_f1875-1946
_3RU\NLR\AUTH\7756569
_939501
801 0 _aRU
_bNLR
_gpsbo
801 0 _aRU
_bRuMoRGB
_2psbo
801 1 _aRU
_bProSoft-M
_2rusmarc
852 _aNLR
_j20.108.6.23
852 _aNLR
_j52/232
852 _aNLR
_bМф
_jК1/17204
899 _aRuMoRGB
_jT 59/75
899 _aRuMoRGB
_jE 66/820
899 _aБАН
899 _aНБ СПбГУ
942 _cBOOK
980 _aNB